LEADER 01335nam a2200265 u 4500 001 000000037104 003 CaOOAMICUS 005 20070226113728.0 008 980401s1966 it u000 u ita u 035 $a10788673 040 $aPUL(R)$bita 100 1 $aGizzi, Elio.$0(OLS)http://pul/name/27916 245 13$aLo scioglimento dei consigli regionali e l'amministrazione straordinaria delle regioni /$cElio Gizzi. 260 $aMilano :$bA. Giuffrè,$c1966. 300 $avii, 234 p. ;$c24 cm 490 1 $aUniversità degli studi di Roma. Monografie dell'istituto di diritto pubblico della facoltà di giurisprudenza. Nuova serie ;$v33 500 $aContiene indici. 504 $aBibliografia in nota. 650 4$aDiritto amministrativo.$0(OLS)http://pul/subject/17627 830 0$aMonografie dell'Istituto di diritto pubblico della Facoltà di Giurisprudenza (Università degli studi di Roma).$pNuova serie ;$v33.$0(OLS)http://pul/title/10229 850 $aPUL 852 $aPUL$W1$xDP2 Diritto Canonico 1$y64$m167 A 101.33$j50758$qStampati$B50758$CPULBib$Z2$F50758 $H27013 $82 941 1 $a8 996 $6245$aLo scioglimento dei consigli regionali e l'amministrazione straordinaria delle regioni$9(OLS)http://pul/title/50575 996 $6260$aMilano :$bA. Giuffrè$9(OLS)http://pul/publisher/48096 LEADER 01390nam a2200289 a 4500 001 000000137596 003 CaOOAMICUS 005 20150911112159.0 008 140228s2005 it a u000 u ita r 020 $a88-215-5297-7 040 $aPUL$bita 245 03$aIl tempo della festa :$bdieci voci per riscoprire la domenica /$ca cura del Servizio nazionale per il progetto culturale. 260 $aCinisello Balsamo :$bSan Paolo,$c2005. 300 $a146 p.$bill.$c22 cm 490 1 $aDimensioni dello spirito ;$v65 500 $aOpera concepita come contributo del XXIV Congresso Eucaristico Nazionale. 650 4$aFeste religiose.$0(OLS)http://pul/subject/16889 710 2 $aServizio nazionale per il progetto culturale della CEI.$0(OLS)http://pul/name/65065 830 0$aDimensioni dello spirito ;$v65.$0(OLS)http://pul/title/22694 850 $aPUL 852 $aPUL$W1$xDP1 Fondo E. Rossi$y115$m7 A 12$j158613$qFondi$B158129$CPULBib$Z2$F158129 $82 852 $aPUL$W1$xDP1 Fondo S. Lanza$y121$m3 M 74$j168440$qFondi$B169039$CPULBib$Z2$F169039 $HLAN2169 $82 941 1 $a1 996 $6020$a88-215-5297-7$9(OLS)http://pul/number/154676 996 $6245$aIl tempo della festa :$bdieci voci per riscoprire la domenica$9(OLS)http://pul/title/174209 996 $6260$aCinisello Balsamo :$bSan Paolo$9(OLS)http://pul/publisher/54577